• 首页
  • 本馆介绍
  • 公告通知
  • 最新文献
  • 馆藏检索
  • 电子资源
  • 读者导购
  • 参考咨询
  • 我的图书馆
  • 登录
  • 详细信息显示
  • 放入我的书架
  • 预约/预借图书
  • 作者相关作品
  • 分类相关作品
  • 丛书相关作品
  • 出版社相关作品

书目信息

  • 表格格式
  • 工作单格式
  • 卡片格式
题名:
腐蚀科学与工程实验教程
    
 
作者: 王吉会 主编
分册:  
出版信息: 北京   北京大学出版社  2013.08
页数: 205页
开本: 26cm
丛书名:
单 册:
中图分类: TG17 , TQ016
科图分类:
主题词: 腐蚀--高等学校--教材 , 工程化学--化学实验--高等学校--教材 , 腐蚀 , 工程化学 , 化学实验
电子资源:
ISBN: 978-7-301-23030-5
000 01130nam0 2200325 450
001 012013977620
005 20140611151620.45
010    @a978-7-301-23030-5@dCNY32.00
100    @a20131018d2013 em y0chiy50 ea
101 0  @achi
102    @aCN@b110000
105    @aak z 000yy
106    @ar
200 1  @a腐蚀科学与工程实验教程@9fu shi ke xue yu gong cheng shi yan jiao cheng@f王吉会主编
210    @a北京@c北京大学出版社@d2013.08
215    @a205页@c图@d26cm
300    @a材料科学与工程实验系列教材/崔占全等总主编
304    @a题名页及封面出版社题:北京大学出版社 国防工业大学出版社 哈尔滨工业大学出版社 冶金工业大学出版社
330    @a本书内容包括绪论、腐蚀实验体系与常用测量仪器、腐蚀科学基础实验、腐蚀工程基础实验、研究性腐蚀综合实验和工程性腐蚀综合实验六部分内容。
333    @a高校相关专业人员
606 0  @a腐蚀@x高等学校@j教材
606 0  @a工程化学@x化学实验@x高等学校@j教材
606 0  @a腐蚀
606 0  @a工程化学
606 0  @a化学实验
690    @aTG17@v5
690    @aTQ016@v5
701  0 @a王吉会@9wang ji hui@4主编
801  0 @aCN@b人天书店@c20131018
905    @b549466-69@dTG17@e51@f4
    
    腐蚀科学与工程实验教程/王吉会主编.-北京:北京大学出版社,2013.08
    205页:图;26cm
    材料科学与工程实验系列教材/崔占全等总主编.-使用对象:高校相关专业人员
    
    ISBN 978-7-301-23030-5:CNY32.00
    本书内容包括绪论、腐蚀实验体系与常用测量仪器、腐蚀科学基础实验、腐蚀工程基础实验、研究性腐蚀综合实验和工程性腐蚀综合实验六部分内容。
●
相关链接 在E读中查询图书 在五车中查询图书 在当当中查询图书 在豆瓣中查询图书


正题名:腐蚀科学与工程实验教程     索取号:TG17/51         预约/预借

序号 登录号 条形码 馆藏地/架位号 状态 备注
1 549466   205494669   第二样本阅览室/ [索取号:TG17/51] 在馆    
2 549467   205494678   化学系资料室/ [索取号:TG17/51] 在馆    
3 549468   205494687   第三借阅区/ [索取号:TG17/51] 在馆    
4 549469   205494696   第三借阅区/ [索取号:TG17/51] 在馆    
唐山师范学院图书馆 欢迎您!
大连网信软件有限公司© 版权所有